[Event "Memorial Joan Casals"]
[Site "Maó ESP"]
[Date "2007.10.25"]
[Round "1.1"]
[White "Glud, Jakob Vang"]
[Black "Huerga Leache, Mikel"]
[Result "1/2-1/2"]
[WhiteElo "2448"]
[BlackElo "2440"]
[PlyCount "163"]
[EventDate "2007.10.25"]
[EventType "tourn"]
[EventRounds "9"]
[EventCountry "ESP"]
[EventCategory "7"]
[Source "lmi"]
[SourceDate "2007.10.25"]

1. d4 d5 2. Nf3 Nf6 3. c4 c6 4. e3 Bf5 5. Nc3 e6 6. Bd3 Bxd3 7. Qxd3 Bb4 8. O-O
O-O 9. a3 Qa5 10. Rb1 Bxc3 11. bxc3 Qa6 12. Ne5 Nbd7 13. cxd5 Nxe5 14. Qxa6
bxa6 15. dxe5 Nxd5 16. c4 Nc3 17. Rb2 Rfd8 18. Rc2 Rd3 19. f3 Rb8 20. Kf2 Rb3
21. Bd2 Nb1 22. Bb4 Nxa3 23. Bxa3 Rxa3 24. Rb1 g5 25. Rb8+ Kg7 26. Rc8 Rxe3 27.
Rxc6 Rxe5 28. c5 Ra5 29. Rc7 Kf6 30. Kg3 Rb5 31. h4 a5 32. hxg5+ Rxg5+ 33. Kh4
Kg6 34. g4 a6 35. Rc4 h5 36. Rc8 Rd5 37. Rg8+ Kh7 38. Rg5 hxg4 39. fxg4 Kh6 40.
Rxd5 exd5 41. Rc1 a4 42. c6 Rb8 43. Rc5 Rc8 44. Rxd5 Rxc6 45. Ra5 Kg6 46. Rxa4
Kf6 47. Ra5 Ke7 48. g5 Rg6 49. Kh5 Kf8 50. Rc5 Re6 51. Ra5 Kg7 52. Rc5 Re8 53.
Rc7 Rh8+ 54. Kg4 Rh1 55. Ra7 Ra1 56. Kh5 Ra5 57. Ra8 Ra1 58. Ra7 Kf8 59. Ra8+
Ke7 60. Kh6 Ra5 61. Ra7+ Ke6 62. Ra8 Ra1 63. Kg7 Ra5 64. Kh6 Kf5 65. Rf8 Kg4
66. Rc8 Rf5 67. Rc4+ Rf4 68. Rc5 Rf5 69. Rc4+ Kf3 70. Rc6 a5 71. Rf6 Kg4 72.
Rc6 a4 73. Ra6 Rf4 74. Ra5 Kf3 75. Kg7 Kg4 76. Kh6 Kh4 77. Ra6 Rg4 78. Ra5 a3
79. Rxa3 Rxg5 80. Rh3+ Kg4 81. Rg3+ Kxg3 82. Kxg5 1/2-1/2

[Event "Memorial Joan Casals"]
[Site "Maó ESP"]
[Date "2007.10.25"]
[Round "1.2"]
[White "Cantero, Antonio"]
[Black "Movsziszian, Karen"]
[Result "0-1"]
[WhiteElo "2246"]
[BlackElo "2531"]
[PlyCount "100"]
[EventDate "2007.10.25"]
[EventType "tourn"]
[EventRounds "9"]
[EventCountry "ESP"]
[EventCategory "7"]
[Source "lmi"]
[SourceDate "2007.10.25"]

1. e4 c5 2. Nf3 d6 3. Nc3 Nf6 4. d4 cxd4 5. Nxd4 a6 6. Bc4 e6 7. Bb3 Nbd7 8.
O-O Nc5 9. f3 Be7 10. Be3 Qc7 11. Qe1 O-O 12. Rd1 b5 13. Qg3 Kh8 14. Rd2 Bd7
15. Rfd1 b4 16. Nce2 a5 17. c3 Rfb8 18. Bc2 bxc3 19. bxc3 Na4 20. Bb3 Nb6 21.
c4 a4 22. c5 axb3 23. cxb6 Rxb6 24. Nxb3 Rba6 25. Nec1 Ba4 26. Bd4 e5 27. Be3
h6 28. Qf2 Rc6 29. g4 Kh7 30. Nd3 Rb8 31. Ndc1 Bb5 32. Rb2 Bc4 33. Qd2 d5 34.
exd5 Bxd5 35. Rf1 Ba3 36. Rb1 Rc2 37. Qd1 e4 38. f4 Rxa2 39. Nxa2 Rd8 40. Nd4
Bxa2 41. Ra1 Qc3 42. Qe1 Qc4 43. Rf2 Rxd4 44. Raxa2 Rd3 45. Rxa3 Rxa3 46. h3
Nd5 47. Re2 Nxe3 48. Rxe3 Qd4 49. Kf2 g6 50. Qc1 Rxe3 0-1

[Event "Memorial Joan Casals"]
[Site "Maó ESP"]
[Date "2007.10.25"]
[Round "1.3"]
[White "Bolado Saez, Sergio"]
[Black "Pogorelov, Ruslan"]
[Result "1/2-1/2"]
[WhiteElo "2379"]
[BlackElo "2411"]
[PlyCount "118"]
[EventDate "2007.10.25"]
[EventType "tourn"]
[EventRounds "9"]
[EventCountry "ESP"]
[EventCategory "7"]
[Source "lmi"]
[SourceDate "2007.10.25"]

1. e4 c5 2. Nf3 Nc6 3. d4 cxd4 4. Nxd4 Qc7 5. Nc3 e6 6. Be3 a6 7. Be2 Nf6 8.
O-O Bb4 9. Na4 Be7 10. Nxc6 bxc6 11. Nb6 Rb8 12. Nxc8 Qxc8 13. e5 Nd5 14. Bc1
Bc5 15. c4 Ne7 16. Kh1 Qc7 17. f4 O-O 18. Bd3 g6 19. Qe1 f6 20. exf6 Rxf6 21.
Rb1 Bd6 22. g3 c5 23. Bd2 Nc6 24. Bc3 Rf7 25. a3 a5 26. Be4 Bf8 27. Kg1 Nd4 28.
Bxa5 Qa7 29. Bc3 Bg7 30. Kh1 Qa4 31. Bd3 Qc6+ 32. Qe4 Qxe4+ 33. Bxe4 Nb3 34.
Rfd1 Kf8 35. Bc2 Rb7 36. Bxg7+ Kxg7 37. Rd3 Na5 38. Rc3 Rc7 39. Be4 d6 40. Rbc1
Nc6 41. Bxc6 Rxc6 42. b4 cxb4 43. axb4 Rb7 44. Rb3 Ra6 45. Rc2 Kf7 46. Kg2 Ra4
47. b5 Rc7 48. b6 Rb7 49. Kf3 Ra6 50. c5 dxc5 51. Rxc5 Raxb6 52. Rxb6 Rxb6 53.
Rc7+ Kf6 54. Rxh7 e5 55. fxe5+ Kxe5 56. Rf7 Rb4 57. Rf4 Rxf4+ 58. gxf4+ Kf5 59.
h4 Kf6 1/2-1/2

[Event "Memorial Joan Casals"]
[Site "Maó ESP"]
[Date "2007.10.25"]
[Round "1.4"]
[White "Mirzoev, Azer"]
[Black "Cubas Pons, Juan"]
[Result "1/2-1/2"]
[WhiteElo "2545"]
[BlackElo "2199"]
[PlyCount "27"]
[EventDate "2007.10.25"]
[EventType "tourn"]
[EventRounds "9"]
[EventCountry "ESP"]
[EventCategory "7"]
[Source "lmi"]
[SourceDate "2007.10.25"]

1. g3 d5 2. Bg2 c6 3. d4 Nf6 4. Nf3 Bg4 5. h3 Bh5 6. O-O e6 7. c3 Nbd7 8. Nbd2
Be7 9. Re1 O-O 10. e4 dxe4 11. Nxe4 Nxe4 12. Rxe4 Re8 13. Re1 Bd6 14. Qb3
1/2-1/2

[Event "Memorial Joan Casals"]
[Site "Maó ESP"]
[Date "2007.10.25"]
[Round "1.5"]
[White "Giaccio, Alfredo"]
[Black "Lariño Nieto, David"]
[Result "0-1"]
[WhiteElo "2475"]
[BlackElo "2428"]
[PlyCount "96"]
[EventDate "2007.10.25"]
[EventType "tourn"]
[EventRounds "9"]
[EventCountry "ESP"]
[EventCategory "7"]
[Source "lmi"]
[SourceDate "2007.10.25"]

1. e4 e5 2. Nf3 Nc6 3. Bc4 Nf6 4. d3 Be7 5. O-O O-O 6. Bb3 d5 7. exd5 Nxd5 8.
h3 a5 9. Re1 a4 10. Bxd5 Qxd5 11. Nc3 Qd8 12. a3 Bc5 13. Be3 Bxe3 14. Rxe3 f6
15. Re4 Nd4 16. Nxd4 exd4 17. Ne2 c5 18. c3 Bd7 19. cxd4 Bc6 20. Re3 cxd4 21.
Rg3 f5 22. Qd2 Qd6 23. Qf4 Qxf4 24. Nxf4 Kf7 25. h4 Ra5 26. Rc1 Rb5 27. Rc2 Rd8
28. Ne2 Rd7 29. Rc4 Rbd5 30. Rb4 Rb5 31. Rc4 Rbd5 32. Rb4 Kf6 33. Nf4 Rb5 34.
Nh5+ Ke5 35. f4+ Kd5 36. Nxg7 Rxb4 37. axb4 Rf7 38. Rg5 Bd7 39. g4 h6 40. Rg6
fxg4 41. Nh5 Bf5 42. Rxh6 Bxd3 43. Rb6 Kc4 44. Rd6 Be4 45. Nf6 Rxf6 46. Rxf6 d3
47. Rd6 g3 48. Rd8 Bd5 0-1

[Event "Memorial Joan Casals"]
[Site "Maó ESP"]
[Date "2007.10.26"]
[Round "2.1"]
[White "Huerga Leache, Mikel"]
[Black "Lariño Nieto, David"]
[Result "1/2-1/2"]
[WhiteElo "2440"]
[BlackElo "2428"]
[PlyCount "159"]
[EventDate "2007.10.25"]
[EventType "tourn"]
[EventRounds "9"]
[EventCountry "ESP"]
[EventCategory "7"]
[Source "lmi"]
[SourceDate "2007.10.25"]

1. e4 c5 2. Nf3 e6 3. c4 Nc6 4. Nc3 Nd4 5. Nxd4 cxd4 6. Ne2 e5 7. g3 b5 8. cxb5
Bb7 9. Bg2 f5 10. O-O fxe4 11. a4 Nf6 12. d3 d5 13. Bg5 exd3 14. Qxd3 Bc5 15.
Rac1 Qd6 16. Qc2 Bb6 17. a5 Bxa5 18. f4 e4 19. Nxd4 Bb6 20. Qd2 h6 21. Bxf6
Qxf6 22. Rfd1 O-O 23. Kh1 Kh8 24. Nc6 e3 25. Qxd5 Qxb2 26. Qe5 Qxe5 27. Nxe5
Bxg2+ 28. Kxg2 Kg8 29. Kf3 Rae8 30. Rd5 Rc8 31. Nc6 Rc7 32. h4 Kh7 33. h5 a6
34. Rb1 Rf6 35. Ne5 axb5 36. Nd7 Rfc6 37. Nf8+ Kg8 38. Ng6 Rc5 39. Rd8+ Kf7 40.
Ne5+ Ke7 41. Rbd1 Rb7 42. Ng6+ Kf7 43. Rf8+ Ke6 44. f5+ Rxf5+ 45. Nf4+ Rxf4+
46. Rxf4 Bc5 47. Re4+ Kf7 48. Rd5 Be7 49. Rf5+ Bf6 50. Rb4 g6 51. Rfxb5 Re7 52.
Rb7 gxh5 53. Rxe7+ Bxe7 54. Rb7 h4 55. gxh4 h5 56. Kxe3 Ke6 57. Rb6+ Kd7 58.
Rb7+ Ke6 59. Rb5 Bxh4 60. Rxh5 Bg3 61. Ke4 Kd7 62. Rg5 Bh2 63. Rg2 Bb8 64. Kd5
Kc7 65. Ra2 Kb7 66. Kc5 Ba7+ 67. Kb5 Bb8 68. Rg2 Ka7 69. Rg7+ Ka8 70. Kb6 Bf4
71. Rg8+ Bb8 72. Kc6 Ka7 73. Rg7+ Ka8 74. Rg8 Ka7 75. Rg2 Ka8 76. Kb6 Ba7+ 77.
Ka6 Bb8 78. Ra2 Ba7 79. Ra4 Be3 80. Re4 1/2-1/2

[Event "Memorial Joan Casals"]
[Site "Maó ESP"]
[Date "2007.10.26"]
[Round "2.3"]
[White "Pogorelov, Ruslan"]
[Black "Mirzoev, Azer"]
[Result "1/2-1/2"]
[WhiteElo "2411"]
[BlackElo "2545"]
[PlyCount "31"]
[EventDate "2007.10.25"]
[EventType "tourn"]
[EventRounds "9"]
[EventCountry "ESP"]
[EventCategory "7"]
[Source "lmi"]
[SourceDate "2007.10.25"]

1. d4 Nf6 2. c4 g6 3. Nc3 Bg7 4. e4 d6 5. Be2 O-O 6. Nf3 e5 7. dxe5 dxe5 8.
Qxd8 Rxd8 9. Bg5 Re8 10. Nd5 Nxd5 11. cxd5 c6 12. Bc4 cxd5 13. Bxd5 Na6 14. O-O
Nc7 15. Bb3 Be6 16. Rfc1 1/2-1/2

[Event "Memorial Joan Casals"]
[Site "Maó ESP"]
[Date "2007.10.26"]
[Round "2.4"]
[White "Movsziszian, Karen"]
[Black "Bolado Saez, Sergio"]
[Result "1-0"]
[WhiteElo "2531"]
[BlackElo "2379"]
[PlyCount "71"]
[EventDate "2007.10.25"]
[EventType "tourn"]
[EventRounds "9"]
[EventCountry "ESP"]
[EventCategory "7"]
[Source "lmi"]
[SourceDate "2007.10.25"]

1. d4 Nf6 2. Nf3 d6 3. g3 Nbd7 4. Bg2 e5 5. c4 Be7 6. O-O O-O 7. Nc3 c6 8. e4
Qe8 9. Re1 Bd8 10. Rb1 a5 11. h3 Bb6 12. Be3 Qe7 13. Qc2 Re8 14. Rbd1 Ba7 15.
a3 Nf8 16. c5 exd4 17. cxd6 Qxd6 18. Nxd4 Qe7 19. f4 Ne6 20. e5 Nxd4 21. Bxd4
Bxd4+ 22. Rxd4 Qc5 23. Qf2 Nd7 24. Ne4 Qe7 25. Nd6 Rd8 26. Nf5 Qe6 27. g4 Re8
28. Nd6 Rf8 29. f5 Qe7 30. f6 Qe6 31. fxg7 Kxg7 32. Nf5+ Kh8 33. Rd6 Qc4 34.
Qh4 f6 35. e6 Ne5 36. Qxf6+ 1-0

[Event "Memorial Joan Casals"]
[Site "Maó ESP"]
[Date "2007.10.26"]
[Round "2.5"]
[White "Glud, Jakob Vang"]
[Black "Cantero, Antonio"]
[Result "1-0"]
[WhiteElo "2448"]
[BlackElo "2246"]
[PlyCount "62"]
[EventDate "2007.10.25"]
[EventType "tourn"]
[EventRounds "9"]
[EventCountry "ESP"]
[EventCategory "7"]
[Source "lmi"]
[SourceDate "2007.10.25"]

1. c4 e6 2. Nf3 d5 3. g3 Nf6 4. d4 c6 5. Nbd2 Nbd7 6. Bg2 Bd6 7. O-O O-O 8. Qc2
Re8 9. Rd1 Qe7 10. e4 Nxe4 11. Nxe4 dxe4 12. Qxe4 e5 13. dxe5 Nxe5 14. Ng5 f5
15. Qc2 Bc5 16. Nh3 Ng4 17. Bg5 Bxf2+ 18. Kh1 Qe2 19. Rd2 Qe1+ 20. Rxe1 Rxe1+
21. Bf1 Be3 22. Rd8+ Kf7 23. Rd1 Rxd1 24. Qxd1 f4 25. Bxf4 Bxf4 26. gxf4 Bf5
27. Kg1 Re8 28. Nf2 Ne3 29. Qb3 Re6 30. Bh3 Rg6+ 31. Kh1 Bc2 1-0

[Event "Memorial Joan Casals"]
[Site "Maó ESP"]
[Date "2007.10.27"]
[Round "3.1"]
[White "Cantero, Antonio"]
[Black "Huerga Leache, Mikel"]
[Result "0-1"]
[WhiteElo "2246"]
[BlackElo "2440"]
[PlyCount "80"]
[EventDate "2007.10.25"]
[EventType "tourn"]
[EventRounds "9"]
[EventCountry "ESP"]
[EventCategory "7"]
[Source "lmi"]
[SourceDate "2007.10.25"]

1. e4 c5 2. Nf3 Nc6 3. d4 cxd4 4. Nxd4 Nf6 5. Nc3 e5 6. Nxc6 bxc6 7. Bd3 Bc5 8.
O-O d6 9. Na4 Bb4 10. a3 Ba5 11. Bg5 h6 12. Bh4 g5 13. Bg3 Bc7 14. c4 h5 15. f3
h4 16. Bf2 Nh5 17. Re1 Nf4 18. Bf1 Qf6 19. Nc3 h3 20. g3 Ng2 21. Bxg2 hxg2 22.
Kxg2 Ke7 23. g4 Bxg4 24. Bg3 Bh3+ 25. Kh1 g4 26. Re3 Bb6 27. Rd3 Rag8 28. b4
gxf3 29. Qxf3 Qxf3+ 30. Rxf3 Bd4 31. Rc1 Bg4 32. Rd3 f5 33. exf5 Bxf5 34. Rf3
Bg4 35. Rd3 Rf8 36. Kg2 Bh3+ 37. Kh1 Rf1+ 38. Rxf1 Bxf1 39. Rf3 Bxc4 40. Bf2 e4
0-1

[Event "Memorial Joan Casals"]
[Site "Maó ESP"]
[Date "2007.10.27"]
[Round "3.2"]
[White "Bolado Saez, Sergio"]
[Black "Glud, Jakob Vang"]
[Result "0-1"]
[WhiteElo "2379"]
[BlackElo "2448"]
[PlyCount "70"]
[EventDate "2007.10.25"]
[EventType "tourn"]
[EventRounds "9"]
[EventCountry "ESP"]
[EventCategory "7"]
[Source "lmi"]
[SourceDate "2007.10.25"]

1. e4 e5 2. Nf3 Nc6 3. Bb5 a6 4. Ba4 Nf6 5. O-O Be7 6. Re1 b5 7. Bb3 d6 8. c3
O-O 9. h3 Nb8 10. d4 Nbd7 11. Nbd2 Bb7 12. Bc2 c5 13. a4 Qc7 14. Bd3 c4 15. Bc2
Rfb8 16. Nf1 Bf8 17. Ng3 g6 18. b4 a5 19. bxa5 Qxa5 20. Bd2 exd4 21. Nxd4 bxa4
22. Rxa4 Qc7 23. f4 Rxa4 24. Bxa4 Nc5 25. e5 dxe5 26. fxe5 Nfe4 27. Nxe4 Bxe4
28. Bc2 Bxc2 29. Qxc2 Nd3 30. Rb1 Rxb1+ 31. Qxb1 Qxe5 32. Qb7 Qg3 33. Qf3 Qb8
34. Qd5 Bd6 35. Nb5 Qb6+ 0-1

[Event "Memorial Joan Casals"]
[Site "Maó ESP"]
[Date "2007.10.27"]
[Round "3.3"]
[White "Mirzoev, Azer"]
[Black "Movsziszian, Karen"]
[Result "1/2-1/2"]
[WhiteElo "2545"]
[BlackElo "2531"]
[PlyCount "27"]
[EventDate "2007.10.25"]
[EventType "tourn"]
[EventRounds "9"]
[EventCountry "ESP"]
[EventCategory "7"]
[Source "lmi"]
[SourceDate "2007.10.25"]

1. g3 g6 2. Bg2 Bg7 3. c3 d5 4. d4 Nf6 5. Nf3 O-O 6. O-O Ne4 7. Nbd2 Nxd2 8.
Bxd2 Nd7 9. Bf4 c6 10. Ne5 Nxe5 11. Bxe5 f6 12. Bf4 e5 13. Bd2 e4 14. Qb3
1/2-1/2

[Event "Memorial Joan Casals"]
[Site "Maó ESP"]
[Date "2007.10.27"]
[Round "3.4"]
[White "Giaccio, Alfredo"]
[Black "Pogorelov, Ruslan"]
[Result "0-1"]
[WhiteElo "2475"]
[BlackElo "2411"]
[PlyCount "66"]
[EventDate "2007.10.25"]
[EventType "tourn"]
[EventRounds "9"]
[EventCountry "ESP"]
[EventCategory "7"]
[Source "lmi"]
[SourceDate "2007.10.25"]

1. e4 e6 2. d4 d5 3. Nd2 c5 4. Ngf3 cxd4 5. Nxd4 Nc6 6. Bb5 Bd7 7. Nxc6 Bxc6 8.
Bxc6+ bxc6 9. c4 dxe4 10. Qa4 f5 11. Qxc6+ Kf7 12. Qb7+ Be7 13. Nb3 Qc8 14.
Qxc8 Rxc8 15. Be3 Rxc4 16. Bxa7 Bf6 17. Rb1 Ne7 18. Bc5 Nd5 19. O-O Nf4 20.
Rfd1 Nd3 21. Ba3 Rc2 22. f3 Rd8 23. fxe4 fxe4 24. Rd2 Rxd2 25. Nxd2 e3 26. Nf3
e2 27. g3 Nc1 28. Rxc1 Rd1+ 29. Kf2 Rxc1 30. Kxe2 Bxb2 31. Ne5+ Ke8 32. Bd6
Bxe5 33. Bxe5 Rc2+ 0-1

[Event "Memorial Joan Casals"]
[Site "Maó ESP"]
[Date "2007.10.27"]
[Round "3.5"]
[White "Lariño Nieto, David"]
[Black "Cubas Pons, Juan"]
[Result "1-0"]
[WhiteElo "2428"]
[BlackElo "2199"]
[PlyCount "165"]
[EventDate "2007.10.25"]
[EventType "tourn"]
[EventRounds "9"]
[EventCountry "ESP"]
[EventCategory "7"]
[Source "lmi"]
[SourceDate "2007.10.25"]

1. e4 e6 2. d4 d5 3. Nc3 Nf6 4. e5 Nfd7 5. f4 c5 6. Nf3 Nc6 7. Be3 a6 8. Qd2
Qc7 9. g3 cxd4 10. Nxd4 Bc5 11. Bg2 O-O 12. Nce2 Nxd4 13. Bxd4 Nb6 14. Bxc5
Qxc5 15. Qd4 Qc7 16. Qc3 Qxc3+ 17. Nxc3 Bd7 18. b3 Rac8 19. Kd2 Rc7 20. Ne2 Nc8
21. c3 Ne7 22. Rhc1 Nf5 23. Bh3 Rfc8 24. Bxf5 exf5 25. a4 Kf8 26. Nd4 Be6 27.
Rc2 h5 28. Re1 Ke7 29. Re3 g6 30. Kc1 Rh8 31. Nf3 Rhc8 32. Kb2 Ke8 33. Rd2 Ke7
34. Red3 Kf8 35. Ne1 Kg7 36. Ng2 Kh6 37. h4 Kg7 38. Ne3 Kf8 39. a5 Rc5 40. b4
R5c7 41. Rd1 Ke8 42. R1d2 Kf8 43. Nd1 Rc4 44. Rd4 Rxd4 45. Rxd4 Ke7 46. Ne3 Rd8
47. Kc2 Rd7 48. Kd2 Kd8 49. Nc2 Kc7 50. Na1 Kc6 51. Nb3 Rc7 52. Nc5 Kb5 53. Kc2
Re7 54. Kb2 Rc7 55. Ka3 Re7 56. Kb2 Rc7 57. Kb3 Re7 58. Na4 Re8 59. Nb6 Kc6 60.
Ka3 Re7 61. c4 dxc4 62. Rd6+ Kc7 63. Kb2 Re8 64. Nd5+ Bxd5 65. Rxd5 Re6 66. Kc3
b5 67. axb6+ Kxb6 68. Kxc4 Rc6+ 69. Kb3 Rc1 70. Rd7 Rc7 71. Rxc7 Kxc7 72. Kc4
Kc6 73. Kd4 Kb5 74. Kd5 Kxb4 75. Kd6 a5 76. Ke7 a4 77. Kxf7 a3 78. e6 a2 79. e7
a1=Q 80. e8=Q Qc3 81. Qe7+ Ka4 82. Qg5 Qb3+ 83. Kg7 1-0

[Event "Memorial Joan Casals"]
[Site "Maó ESP"]
[Date "2007.10.27"]
[Round "4.1"]
[White "Huerga Leache, Mikel"]
[Black "Cubas Pons, Juan"]
[Result "0-1"]
[WhiteElo "2199"]
[BlackElo "2440"]
[PlyCount "122"]
[EventDate "2007.10.25"]
[EventType "tourn"]
[EventRounds "9"]
[EventCountry "ESP"]
[EventCategory "7"]
[Source "lmi"]
[SourceDate "2007.10.25"]

1. e4 e6 2. d4 d5 3. Nc3 Bb4 4. e5 c5 5. Bd2 Nc6 6. Nb5 Bxd2+ 7. Qxd2 Nxd4 8.
Nxd4 cxd4 9. f4 Ne7 10. Nf3 Bd7 11. Nxd4 Qb6 12. O-O-O Rc8 13. h4 h5 14. Be2 a6
15. Rh3 Nc6 16. Rb3 Qxd4 17. Qxd4 Nxd4 18. Rxd4 Bc6 19. a4 g6 20. Kd2 Kd7 21.
g3 Rc7 22. Rb6 Rhc8 23. Rdb4 Kd8 24. c3 Rd7 25. Rd4 Kc7 26. Rb3 Rb8 27. Rdb4
Rbd8 28. Ke3 Rc8 29. Ra3 Kd8 30. Kd4 Rdc7 31. Rb6 Bd7 32. Ra1 Bc6 33. Rb3 Ke7
34. Rba3 Be8 35. Bd3 Bd7 36. b4 b5 37. Bf1 Ke8 38. Re1 Kf8 39. Re3 Ke8 40. Ra2
Ke7 41. Rc2 Ke8 42. Re1 Kd8 43. Ra1 Ke8 44. Bd3 Kd8 45. Ra3 Ke7 46. Rg2 Rb8 47.
a5 Rh8 48. Be2 Be8 49. Ra1 Bd7 50. Rf2 Rhc8 51. Rf3 Be8 52. Raf1 Bd7 53. R1f2
Be8 54. Rh2 Bd7 55. Re3 Be8 56. Rg2 Rd8 57. Rg1 Rc4+ 58. Bxc4 dxc4+ 59. Kc5
Rc8+ 60. Kb6 Rb8+ 61. Kxa6 Kd7 0-1

[Event "Memorial Joan Casals"]
[Site "Maó ESP"]
[Date "2007.10.27"]
[Round "4.2"]
[White "Pogorelov, Ruslan"]
[Black "Lariño Nieto, David"]
[Result "1/2-1/2"]
[WhiteElo "2411"]
[BlackElo "2428"]
[PlyCount "87"]
[EventDate "2007.10.25"]
[EventType "tourn"]
[EventRounds "9"]
[EventCountry "ESP"]
[EventCategory "7"]
[Source "lmi"]
[SourceDate "2007.10.25"]

1. Nf3 g6 2. c4 Bg7 3. d4 d6 4. e4 Nf6 5. Nc3 O-O 6. Be2 c5 7. O-O Nc6 8. d5
Na5 9. h3 e5 10. a3 b6 11. b4 Nb7 12. Bg5 h6 13. Bh4 Bd7 14. Nd2 Qe8 15. Nb3
Nh7 16. bxc5 dxc5 17. a4 a5 18. Nb5 Bxb5 19. cxb5 Nd6 20. Nd2 f5 21. Nc4 Nxc4
22. Bxc4 g5 23. Bg3 f4 24. Bh2 Nf6 25. f3 Kh8 26. Ra2 Rd8 27. Rd2 Rd6 28. Kf2
Qg6 29. Qc2 Rfd8 30. Ke1 Bf8 31. Kd1 R6d7 32. Kc1 Bd6 33. Kb1 Rg7 34. Re1 Kg8
35. Bg1 Kf8 36. Bf2 Ke7 37. Rdd1 Rdg8 38. Re2 h5 39. Be1 Ke8 40. Bc3 g4 41.
hxg4 hxg4 42. Qd2 Nd7 43. Rh1 Rh7 44. Ree1 1/2-1/2

[Event "Memorial Joan Casals"]
[Site "Maó ESP"]
[Date "2007.10.27"]
[Round "4.3"]
[White "Movsziszian, Karen"]
[Black "Giaccio, Alfredo"]
[Result "1/2-1/2"]
[WhiteElo "2531"]
[BlackElo "2476"]
[PlyCount "28"]
[EventDate "2007.10.25"]
[EventType "tourn"]
[EventRounds "9"]
[EventCountry "ESP"]
[EventCategory "7"]
[Source "lmi"]
[SourceDate "2007.10.25"]

1. d4 d5 2. c4 c6 3. Nf3 Nf6 4. Nc3 a6 5. cxd5 cxd5 6. Bf4 Nc6 7. e3 Bg4 8. Be2
Bxf3 9. Bxf3 e6 10. O-O Bd6 11. Bg5 Be7 12. Bxf6 Bxf6 13. a3 Rc8 14. Rc1 O-O
1/2-1/2

[Event "Memorial Joan Casals"]
[Site "Maó ESP"]
[Date "2007.10.27"]
[Round "4.4"]
[White "Glud, Jakob Vang"]
[Black "Mirzoev, Azer"]
[Result "1/2-1/2"]
[WhiteElo "2448"]
[BlackElo "2535"]
[PlyCount "28"]
[EventDate "2007.10.25"]
[EventType "tourn"]
[EventRounds "9"]
[EventCountry "ESP"]
[EventCategory "7"]
[Source "lmi"]
[SourceDate "2007.10.25"]

1. Nf3 Nf6 2. d4 d5 3. c4 e6 4. Nc3 Nbd7 5. cxd5 exd5 6. Bg5 c6 7. e3 Be7 8.
Bd3 O-O 9. Qc2 Re8 10. O-O Nf8 11. Rab1 a5 12. a3 Ne4 13. Bxe7 Qxe7 14. b4 axb4
1/2-1/2

[Event "Memorial Joan Casals"]
[Site "Maó ESP"]
[Date "2007.10.27"]
[Round "4.5"]
[White "Cantero, Antonio"]
[Black "Bolado Saez, Sergio"]
[Result "0-1"]
[WhiteElo "2246"]
[BlackElo "2379"]
[PlyCount "160"]
[EventDate "2007.10.25"]
[EventType "tourn"]
[EventRounds "9"]
[EventCountry "ESP"]
[EventCategory "7"]
[Source "lmi"]
[SourceDate "2007.10.25"]

1. e4 c5 2. Nf3 d6 3. Nc3 Nf6 4. d4 cxd4 5. Nxd4 a6 6. g3 e5 7. Nde2 Be7 8. Bg2
O-O 9. O-O Qc7 10. h3 b5 11. a4 b4 12. Nd5 Nxd5 13. Qxd5 Nc6 14. Be3 Be6 15.
Qd2 Rab8 16. b3 Rfd8 17. f4 f6 18. Rad1 Bf8 19. Nc1 Ne7 20. fxe5 dxe5 21. Qe2
a5 22. Rxd8 Rxd8 23. Rd1 Rc8 24. Rd2 Qc3 25. Qd3 Qa1 26. Qf1 Rc3 27. Nd3 Qa2
28. Qf2 Qb1+ 29. Qf1 Qxf1+ 30. Kxf1 Bc8 31. Kf2 g6 32. Ne1 Kf7 33. Bb6 Nc6 34.
Bf1 Be6 35. Rd3 Bc5+ 36. Bxc5 Rxc5 37. Rd2 h5 38. Nd3 Rc3 39. Nb2 f5 40. Nd1
Rc5 41. Ne3 Nd4 42. Bc4 Ke7 43. Bxe6 Kxe6 44. Nc4 fxe4 45. g4 hxg4 46. hxg4 Rc7
47. Ke3 Rf7 48. Rg2 Rf1 49. Kxe4 Re1+ 50. Ne3 Ne2 51. Kf3 Nc3 52. Rd2 e4+ 53.
Kf2 Rh1 54. Kg2 Rc1 55. Rf2 Re1 56. Nc4 Nd1 57. Rd2 Ne3+ 58. Nxe3 Rxe3 59. Kf2
Rc3 60. Ke2 Ke5 61. Kd1 Rc5 62. Rf2 Kd4 63. Rf6 Rg5 64. Ra6 Ke3 65. c3 bxc3 66.
Kc2 Ke2 67. Kxc3 e3 68. b4 axb4+ 69. Kxb4 Rxg4+ 70. Kc3 Ke1 71. Rf6 e2 72. Kc2
Rxa4 73. Rxg6 Ra2+ 74. Kc1 Ra7 75. Rf6 Rc7+ 76. Kb2 Rc5 77. Rf8 Kd2 78. Rd8+
Ke3 79. Re8+ Kf3 80. Re7 Rc4 0-1

[Event "Memorial Joan Casals"]
[Site "Maó ESP"]
[Date "2007.10.28"]
[Round "5.1"]
[White "Bolado Saez, Sergio"]
[Black "Huerga Leache, Mikel"]
[Result "1/2-1/2"]
[WhiteElo "2379"]
[BlackElo "2440"]
[PlyCount "47"]
[EventDate "2007.10.25"]
[EventType "tourn"]
[EventRounds "9"]
[EventCountry "ESP"]
[EventCategory "7"]
[Source "lmi"]
[SourceDate "2007.10.25"]

1. d4 Nf6 2. Nf3 c5 3. d5 b5 4. c4 Bb7 5. Bg5 Ne4 6. cxb5 Nxg5 7. Nxg5 e6 8.
Qd2 Bxd5 9. Nc3 Bb7 10. e4 Be7 11. h4 h6 12. Nf3 d5 13. exd5 exd5 14. O-O-O d4
15. Bc4 O-O 16. Qc2 a6 17. Ne4 Qc7 18. g3 Qb6 19. Rde1 axb5 20. Nfg5 hxg5 21.
hxg5 Bxe4 22. Qxe4 Bxg5+ 23. f4 Bh6 24. Bd3 1/2-1/2

[Event "Memorial Joan Casals"]
[Site "Maó ESP"]
[Date "2007.10.28"]
[Round "5.2"]
[White "Mirzoev, Azer"]
[Black "Cantero, Antonio"]
[Result "1-0"]
[WhiteElo "2545"]
[BlackElo "2246"]
[PlyCount "97"]
[EventDate "2007.10.25"]
[EventType "tourn"]
[EventRounds "9"]
[EventCountry "ESP"]
[EventCategory "7"]
[Source "lmi"]
[SourceDate "2007.10.25"]

1. d4 d5 2. c4 e6 3. Nc3 Nf6 4. cxd5 exd5 5. Bg5 Be7 6. e3 Nbd7 7. Bd3 O-O 8.
Nge2 c6 9. Qc2 Re8 10. h3 Ne4 11. Bxe7 Qxe7 12. Bxe4 dxe4 13. g4 Nf6 14. Ng3 h6
15. O-O-O b6 16. Kb1 Ba6 17. Ka1 Bd3 18. Qb3 c5 19. Nf5 Qf8 20. Rdg1 g6 21. g5
hxg5 22. Rxg5 c4 23. Qb5 Re6 24. d5 a6 25. Qa4 b5 26. Qa5 Ree8 27. a3 Nh7 28.
Rg3 Re5 29. Nd4 Nf6 30. Qc7 Rh5 31. Nc6 Kh8 32. Rhg1 Ne8 33. Qf4 Rf5 34. Qg4
Qd6 35. Nd4 Rh5 36. Nxe4 Bxe4 37. Qxe4 Nf6 38. Qf3 Rxd5 39. Rg5 Ra7 40. Rxd5
Nxd5 41. e4 Nf4 42. Qc3 Qe5 43. Rg5 f5 44. exf5 Re7 45. Rg1 gxf5 46. Qg3 Rg7
47. Qh4+ Kg8 48. Rxg7+ Kxg7 49. Qxf4 1-0

[Event "Memorial Joan Casals"]
[Site "Maó ESP"]
[Date "2007.10.28"]
[Round "5.3"]
[White "Giaccio, Alfredo"]
[Black "Glud, Jakob Vang"]
[Result "1/2-1/2"]
[WhiteElo "2476"]
[BlackElo "2448"]
[PlyCount "39"]
[EventDate "2007.10.25"]
[EventType "tourn"]
[EventRounds "9"]
[EventCountry "ESP"]
[EventCategory "7"]
[Source "lmi"]
[SourceDate "2007.10.25"]

1. e4 e5 2. Nf3 Nc6 3. Bb5 a6 4. Ba4 Nf6 5. O-O Be7 6. Re1 b5 7. Bb3 d6 8. c3
O-O 9. a4 Bb7 10. d4 Qd7 11. h3 Rae8 12. axb5 axb5 13. Qd3 exd4 14. Qxb5 Ne5
15. Qxd7 Nexd7 16. Nxd4 Nxe4 17. Be3 Ra8 18. Nd2 Rxa1 19. Rxa1 Ra8 20. Rxa8+
1/2-1/2

[Event "Memorial Joan Casals"]
[Site "Maó ESP"]
[Date "2007.10.28"]
[Round "5.4"]
[White "Lariño Nieto, David"]
[Black "Movsziszian, Karen"]
[Result "1-0"]
[WhiteElo "2428"]
[BlackElo "2531"]
[PlyCount "59"]
[EventDate "2007.10.25"]
[EventType "tourn"]
[EventRounds "9"]
[EventCountry "ESP"]
[EventCategory "7"]
[Source "lmi"]
[SourceDate "2007.10.25"]

1. e4 c5 2. Nf3 d6 3. d4 cxd4 4. Nxd4 Nf6 5. Nc3 a6 6. Bg5 e6 7. f4 Qb6 8. Nb3
Be7 9. Qf3 Nc6 10. O-O-O Qc7 11. g4 Bd7 12. Kb1 Rb8 13. Bh4 h6 14. Bg3 e5 15.
f5 b5 16. h4 b4 17. Ne2 Nh7 18. Bf2 a5 19. Nd2 Na7 20. Bxa7 Qxa7 21. g5 a4 22.
Ng3 Bb5 23. Bxb5+ Rxb5 24. Nc4 Qc5 25. Qd3 Kd7 26. f6 gxf6 27. Nf5 d5 28. exd5
Rc8 29. Nxe7 Kxe7 30. d6+ 1-0